Los tres pelos del Diablo. El runa uturunko : cuentos catamarqueños /

Pedro nació con algo raro escrito en medio de la frente: "Será yerno del rey". Eso, claro, llamó mucho la atención, pero además le trajo problemas y aventuras hasta llegar, con una difícil misión, hasta la mismísima casa del Demonio; eso nos cuenta "Los tres pelos del Diablo", el...

Descripción completa

Guardado en:
Autor Principal: Palermo, Miguel Ángel.
Otros Autores: Chiappe, Aldo; il., Arce, Guillermo; il.
Formato: Libro
Idioma:Undetermined
Publicado: Buenos Aires : Arte Gráfico, 2005.
Edición:1a ed.
Series:Cuentos y leyendas de mi país - Genios ; 15
Materias:
Etiquetas: Agregar Etiqueta
Sin Etiquetas, Sea el primero en etiquetar este registro!
LEADER 01426nam a22002655a 4500
001 CEM.cems021327
008 240731s2005####ag############000#0#und#d
005 20240731180430.0
245 1 0 |a Los tres pelos del Diablo. El runa uturunko :  |b cuentos catamarqueños /  |c Selección y adaptación de Miguel Ángel Palermo ; ilustrado por Aldo Chiappe y Guillermo Arce. 
250 |a 1a ed. 
260 |a Buenos Aires :  |b Arte Gráfico,  |c 2005. 
300 |a 50 p. 
490 1 |a Cuentos y leyendas de mi país - Genios ;  |v 15 
520 |a Pedro nació con algo raro escrito en medio de la frente: "Será yerno del rey". Eso, claro, llamó mucho la atención, pero además le trajo problemas y aventuras hasta llegar, con una difícil misión, hasta la mismísima casa del Demonio; eso nos cuenta "Los tres pelos del Diablo", el primer relato de este libro. En la segunda narración, "El runa uturunko", nos encontramos con la inquietante visita de un temible personaje que nos remonta a las más antiguas tradiciones de los aborígenes catamarqueños. 
020 |a 9507826475 
100 1 |a Palermo, Miguel Ángel. 
700 1 |a Chiappe, Aldo; il. 
700 1 |a Arce, Guillermo; il. 
653 |a Leyendas 
653 |a Mitos 
653 |a Mitos argentinos 
653 |a Leyendas argentinas 
653 |a Literatura folclórica 
653 |a Pueblos originarios 
859 |a CEMS  |b BIB. CEMS - Inicial y Primaria  |h 398.2  |i P174-29  |k IP  |p 3719  |t Ej.1